Club con il Maggior numero di apparizioni nella Squadra dell'anno UEFA - Statistics

Statistiche generali
  • Questo quiz è stato fatto 16 volte
  • Il punteggio medio è 11 su 11
Statistiche sulle risposte
Numero apparizioni Edizioni apparizioni Nazione Squadra % Corretto
50 2001; 2002; 2004; 2005; 2006; 2007; 2008; 2009; 2010; 2011; 2012; 2014; 2015; 2016; 2017; 2018; 2019; 2020 Spagna Barcellona
100%
6 2002; 2007; 2009; 2010 Italia Inter
100%
21 2001; 2003; 2004; 2005; 2006; 2012; 2015; 2016; 2017; 2018; 2019; 2020 Italia Juventus
100%
10 2001; 2003; 2004; 2007; 2008; 2009; 2014; Inghilterra Manchester United
100%
18 2001; 2002; 2003; 2004; 2005; 2006; 2007; 2009; 2011; 2012 Italia Milan
100%
6 2012; 2013; 2014; 2017; 2018 Francia Paris Saint-Germain
100%
50 2003; 2006; 2007; 2008; 2009; 2010; 2011; 2012; 2013; 2014; 2015; 2016; 2017; 2018; 2019; 2020 Spagna Real Madrid
100%
26 2001; 2002; 2006; 2008; 2011; 2012; 2013; 2014; 2015; 2016; 2019; 2020 Germania Bayern Monaco
94%
11 2004; 2005; 2007; 2008; 2009; 2010; 2017; 2018 Inghilterra Chelsea
94%
14 2001; 2005; 2006; 2007; 2008; 2018; 2019; 2020 Inghilterra Liverpool
94%
10 2001; 2002; 2003; 2004; 2006; 2008; 2013; Inghilterra Arsenal
88%
Nessun quiz corrispondente trovato
Distribuzione punteggi
Percentuale di utenti per punteggio
Percentile per numero di risposta
I tuoi punteggi nel tempo
Non hai fatto questo quiz